000
00291nam a2200121Ia 4500
008
191201s2015 xx 000 0 und d
100
_a
KANI,A.Nagoor
245
0
_a
8085 Microprocessor and its Application
260
_b
TMH
_c
2015
300
_a
MISC
650
_a
B.Tech(CSE)
942
_2
ddc
_c
BK
999
_c
6855
_d
6855